| 000 | 00448cam a22001337a 4500 | ||
|---|---|---|---|
| 008 | 180718b1959 xxu||||| |||| 00| 0 eng d | ||
| 082 | _aL27x5433 N153 | ||
| 100 | _aNanda, Kailash Chandar | ||
| 245 |
_aLaw relating to sales tax in Punjab and Himachal Pradesh _cby Kailash Chandar Nanda and Lalit Mohan Suri |
||
| 260 |
_aChandigarh _bShashi Mohan Suri _c1959 |
||
| 300 | _a247p. | ||
| 650 | _aSales tax - India - Punjab | ||
| 700 | _aSuri Lalit Mohan | ||
| 999 |
_c375063 _d375063 |
||